000 00618nam a2200253Ia 4500
005 20260121154955.0
008 008 260114s9999 xx 000 0 eng d
020 _a9781315103969
037 _aEBOOK
040 _aCRL
040 _beng
040 _cCRL
041 _2eng
041 _aeng
084 _qCRL
100 _a Hassan Hakimian
_91013791
245 4 _aThe Routledge Handbook on the Middle East Economy
260 _bTaylor and Francis
260 _c2021
856 _uhttp://www.taylorfrancis.com/books/9781315103969
942 _cEBOOK
999 _c1580610
_d1580610